Countries with 'f' s - Statistics

General Stats
  • This quiz has been taken 54 times
  • The average score is 5 of 7
Answer Stats
Answer % Correct
Finland
98%
France
96%
Fiji
94%
Afghanistan
90%
South Africa
70%
Central African Republic
50%
Burkina Faso
46%
No matching quizzes found
Score Distribution
Percent of People with Each Score
Percentile by Number Answered
Your Score History
You have not taken this quiz